000 01238nam a22004097a 4500
001 0003255
003 KOHA_MİRAKIL
005 20260207001332.0
007 ta
008 090324b1981 tu |||gr||||#||||0|tur |
020 _cTL0,01
040 _aTR-BiSEU
_btur
_cTR-BiSEU
_erda
041 0 _atur
044 _ctu
050 _aHB135
_b.E77 1981
100 1 _aErsel, Hasan.
245 1 _aİktisatçılar için matematik/
_cHasan Ersel ; Hasan Ersel.
264 1 _aAnkara :
_bAnkara Üniversitesi
_c1981
300 _aXII, 496 sayfa: resimli
336 _ametin
_btxt
_2rdacontent
337 _aaracısız
_bn
_2rdamedia
338 _acilt
_bnc
_2rdacarrier
490 1 _aAnkara Üniversitesi.
490 1 _aSiyasal Bilgiler Fakültesi yayınları ;
_vno.
490 1 _a461 Atatürk'ün 100.
490 1 _adoğum yılına armağan ;
_vno.
490 1 _a4
500 _aKaynakça ve dizin var.
650 0 _aMatematik.
_91486
650 0 _aEkonomi--Matematik.
_91598
830 1 _aAnkara Üniversitesi.
_96714
830 1 _aSiyasal Bilgiler Fakültesi yayınları ;
_vno.
_96715
830 1 _a461 Atatürk'ün 100.
_98175
830 1 _adoğum yılına armağan ;
_vno.
_98176
830 1 _a4
_98177
942 _2lcc
_cBK
999 _c3239
_d3239